| 000 | 00464nam a2200121Ia 4500 | ||
|---|---|---|---|
| 008 | 160712s9999 xx 000 0 und d | ||
| 100 | _aAlvarez, Kerby C. | ||
| 245 |
_cKerby C. Alvarez _aSa Saliw ng Init at Ulan: Isang Kasaysayang Agro-Klimatiko ng Gitnang Luzon, 1900-1927 |
||
| 260 |
_c2011 _bPhilippine Social Sciences Review |
||
| 300 | _avol. 63 no. 2 | ||
| 650 | _xSOCIAL SCIENCES | ||
| 856 | _uhttp://journals.upd.edu.ph/index.php/pssr/issue/view/348/showToc | ||
| 999 |
_c297680 _d297680 |
||